Cd̀iz 1812 Origen del constitucionalismo espaǫl

Detalles Bibliográficos
Formato: eBook
Lenguaje:español
Publicado: Madrid : Dykinson, 2013
Materias:
Acceso en línea:Acceso restringido

MARC

LEADER 00000nam a22000007a 4500
005 20140128182043.0
007 cr|||| ||||
008 140128s2013 sp |||||s|||| 00||0 spa d
020 |a 978-84-9031-706-8 
035 |a 11735 
040 |a vLex 
090 |c 4676  |d 4676 
245 0 0 |a Cd̀iz 1812  |h [Recurso electrn̤ico] :  |b Origen del constitucionalismo espaǫl  
256 |a Servicio en ln̕ea 
260 |a Madrid :  |b Dykinson,   |c 2013 
300 |a 1 recurso electrn̤ico 
500 |a El 19 de marzo de 1812 era promulgada El 19 de marzo de 1812 era promulgada por las Cortes Generales reunidas en Cd̀iz, la que para muchos pasa por ser la primera Constitucin̤ Espaǫla de la historia, La Pepa. Vigente oficialmente durante tres p̌ocas distintas de aquel siglo XIX, desde su promulgacin̤ hasta la vuelta de Fernando VII de su estancia en tierras francesas, cuando en Valencia, el 4 de mayo de 1814, tomaba la decisin̤ de dejar sin ningn︢ valor aquel texto supremo; ms̀ tarde volva̕ a renacer durante el llamado Trienio Liberal (1820- 1823); mientras finalmente, ya fallecido el Rey Deseado, nuevamente entrara̕ en vigor u breve pero̕do a partir de 1836, casi a la espera de la promulgacin̤ de la Constitucin̤ de 1837. Con todo, el grito de ŁViva La Pepa!, vino a consagrarse como la expresin̤ ms̀ desgarrada de la defensa del liberalismo espaǫl. Profundamente revolucionaria para el tiempo histr̤ico en el que vio la luz, aquel texto estableca̕ por primera vez en la historia de Espaą, de una Espaą que todava̕ pretenda̕ abrir sus brazos a ambos Hemisferios, que la soberana̕ resida̕ en la Nacin̤, la separacin̤ de poderes, derechos de naturaleza polt̕ica, libertad de imprenta, libertad de industria, derecho de propiedad y la abolicin̤ de los seǫro̕s jurisdiccionales. De todo ello, el lector encontrar ̀la debida referencia a lo largo de las pg̀inas de esta obra de conjunto, que en resumidas cuentas viene a recoger las distintas ponencias de sendos cursos de verano desarrollados a lo largo de este aǫ del Bicentenario, en las localidades de Tarazona (Zaragoza), el cual port ̤por tt̕ulo el de “La Constitucin̤ Espaǫla de 1812. Una visin̤ desde la de 1978” y Trillo (Guadalajara), bajo el lema de “La Constitucin̤ Espaǫla de 1812 y su repercusin̤ en Europa y Amřica”. A ambas localidades, representadas por sus corporaciones municipales, nuestro agradecimiento infinito. 
506 1 |a Contenido solo disponible en los productos indicados  |d vLex Global  |d vLex Global (Academic Edition, excluding Law Schools)  |d vLex Global (U.S. Academic Edition, Law Schools)  |d vLex Global (U.S. Academic Edition, excluding Law Schools)  |d vLex Global (Academic Edition, Law Schools) 
650 0 4 |a Derecho constitucional 
650 0 4 |a Historia 
740 0 |a vLex Libros (Servicio en ln̕ea) 
856 4 0 |u http://vlex.com/source/cadiz-1812-origen-del-constitucionalismo-espa-ol-11735  |z Acceso restringido 
942 |c BOOK 
999 0 |a Constitutional law 
999 0 |a History